000 00702nam a2200193Ia 4500
008 120920t2006 xxu||||| |||| 00| 0 sin d
041 _asin
080 _a8 - 31 (eng)
_bDIX
100 _aDixan,Franklin W.
245 _aතරුණ විරයෝ - 9 ඇටසැකිලි ගලේ හොල්මන
246 _aTharuna Weerayo - 9 Atasakili Gale Holmana
260 _aWijesuriya Pataka Padanama
_aPunchi Boralla
_c2006
300 _b3180p, 21 cm
500 _aSinhalese Translation of Franklin W. Dixan's of The Hardy Boys - The Mystery of The Ghost At Skeleton Rock
700 _aGamachchi,Leelananda
_etr.
942 _cBK
999 _c41321
_d41321
003 LK-CoDNM
040 _aLK-CoDNM
_dLK-CoDNM
_eLK-CoDNM